Ending poverty in south Asia ideas that work
Gespeichert in:
| Weitere Verfasser: | , |
|---|---|
| Format: | Buch |
| Sprache: | Englisch |
| Veröffentlicht: |
Washington, D.C.
<The> World Bank
2007
|
| Schlagworte: | |
| Tags: |
Keine Tags, Fügen Sie das erste Tag hinzu!
|
MARC
| LEADER | 00000nam$a2200000$$$4500 | ||
|---|---|---|---|
| 001 | 0051675 | ||
| 005 | 20240109070859.4 | ||
| 020 | |a 0-8213-6876-1 | ||
| 020 | |a 978-0-8213-6876-3 | ||
| 041 | 0 | |a eng | |
| 044 | |a US | ||
| 245 | 1 | 0 | |a Ending poverty in south Asia |b ideas that work |c edited by: Deepa Narayan, Elena Glinskaya |
| 264 | 1 | |a Washington, D.C. |b <The> World Bank |c 2007 | |
| 300 | |a 400 s. | ||
| 610 | 2 | 0 | |a chudoba |
| 610 | 2 | 0 | |a chudoba |
| 610 | 2 | 0 | |a krajiny rozvojové |
| 610 | 2 | 0 | |a redukcia chudoby |
| 610 | 2 | 0 | |a programy rozvojové |
| 610 | 2 | 0 | |a investície |
| 610 | 2 | 0 | |a vidiek |
| 610 | 2 | 0 | |a ženy |
| 610 | 2 | 0 | |a zamestnanie |
| 610 | 2 | 0 | |a financie |
| 610 | 2 | 0 | |a využitie počítačov |
| 610 | 2 | 0 | |a farmy |
| 610 | 2 | 0 | |a transformácia |
| 610 | 2 | 0 | |a vzdelanie |
| 610 | 2 | 0 | |a urbanizmus |
| 610 | 2 | 0 | |a infraštruktúra |
| 610 | 2 | 0 | |a štúdie prípadové |
| 610 | 2 | 0 | |a Ázia |
| 700 | 1 | |a Narayan, Deepa | |
| 700 | 1 | |a Glinskaya, Elena | |